000 00504nam a2200181Ia 4500
008 090630s9999 xx 000 0 und d
082 _b6963
100 _aरानडे जयंत.
245 _aचरस.
_cरानडे जयंत.
260 _bउदय दीप.
_c1978
300 _a156
600 _aरानडे जयंत.
630 _aचरस.
655 _aकादंबरी.
700 _aरानडे जयंत.
730 _aचरस.
942 _cBOOK
999 _c258819
_d258819